Toronto FC Best Scorer By Year - Statistics

General Stats
  • This quiz has been taken 60 times
    6 since last reset
  • The average score is 7 of 15
Answer Stats
Player % Correct
Sebastian Giovinco
100%
Jozy Altidore
83%
Federico Bernardeschi
67%
Alejandro Pozuelo
50%
Jermain Defoe
50%
Jonathan Osorio
50%
Ayo Akinola
33%
Danny Dichio
33%
Deandre Kerr
33%
Dwayne De Rosario
33%
Jesús Jiménez
33%
Prince Owusu
33%
Theo Corbeanu
33%
Danny Koevermans
17%
Robert Earnshaw
17%
No matching quizzes found
Score Distribution
Percent of People with Each Score
Percentile by Number Answered
Your Score History
You have not taken this quiz since the last reset